Holding ako forma podnikania bakalárska práca

Saved in:
Bibliographic Details
Main Author: Starovecká, Vladimíra
Corporate Author: Fakulta podnikového manažmentu EU. Katedra podnikovohospodárska
Other Authors: Budinský, Michal
Format: Book
Language:Slovak
Published: Bratislava 2010
Tags: Add Tag
No Tags, Be the first to tag this record!

MARC

LEADER 00000nbm a2200000 4500
001 0133646
005 20161109111542.0
041 0 |a slo 
044 |a SK 
245 1 0 |a Holding ako forma podnikania  |b bakalárska práca  |c Vladimíra Starovecká ; školiteľ: Michal Budinský 
264 1 |a Bratislava  |c 2010 
300 |a 37 s. 
100 1 |a Starovecká, Vladimíra 
700 1 |a Budinský, Michal 
710 2 |a Fakulta podnikového manažmentu EU. Katedra podnikovohospodárska